LEADER 00595nam a2200193 i 4500 001 000000066995 003 CaOOAMICUS 005 19990209000000.0 008 990209n it u000 u ita u 013 $a38167 020 $a8831193163 040 $aSeMil$bita 245 10$aA-Gio. 773 0 $tEnciclopedia dei santi.$gVol.1$w()791 850 $aSeMil 852 $aSeMil$W1$xVenegono$y1$mSL1.S VII 12$j33148$B33148$CSeMilBibl$Z2$F33151 $8I 961 $aAcquisto: Casa editrice 996 $6020$a8831193163$9(OLS)http://semarc/number/44786 996 $6245$aA-Gio$9(OLS)http://semarc/title/106684 LEADER 01315nam a2200301 i 4500 001 000000050885 003 CaOOAMICUS 005 20260416102335.0 008 081223s1980 it u000 u ita u 013 $a22056 040 $aSeMil$bita 100 1 $aWittgenstein, Ludwig,$d<1889-1951>.$0(OLS)http://semarc/name/6443 240 10$aVermischte Bemerkungen.$0(OLS)http://semarc/title/77775 245 10$aPensieri diversi /$cLudwig Wittgenstein ; a cura di Georg Henrik : Wright von ; con la collaborazione di Heikki Nyman ; edizione italiana a cura di Michele Ranchetti. 260 $aMilano :$bAdelphi,$c1980. 300 $a163 p. ;$c22 cm. 490 0 $aBiblioteca Adelphi ;$v96 700 1 $aRanchetti, Michele,$d<1925- >.$0(OLS)http://semarc/name/4479 700 1 $aNyman, Heikki.$0(OLS)http://semarc/name/25197 700 1 $aWright, Georg Henrik : von,$d<1916-2003>.$0(OLS)http://semarc/name/25196 830 0$aBiblioteca Adelphi ;$v96.$0(OLS)http://semarc/title/7073 850 $aSeMil 852 $aSeMil$W1$xVenegono$y1$m2P IV 540$j17040$B17040$CSeMilBibl$Z2$F17040 $81 941 1 $a1 961 $aOmaggio: Ciprandi dott. Paolo 996 $6245$aPensieri diversi$9(OLS)http://semarc/title/77774 996 $6260$aMilano :$bAdelphi$9(OLS)http://semarc/publisher/30018